Loading...

Astrobiology A multidisciplinary approach /

Bibliographic Details
Main Author: Lunine, Jonathan I.
Language:Undetermined
Published: New York : Pearson/Addison Wesley , 2005.
LEADER 00527nam a2200157Ia 4500
001 148567
008 170722s9999 xx 000 0 und d
020 |a 0805380426 
100 |a Lunine, Jonathan I. 
245 |a Astrobiology  |b A multidisciplinary approach / 
260 |a New York :  |b Pearson/Addison Wesley ,  |c 2005. 
300 |a 586 p. 
923 |d 20060930  |n MBC-1360/0 
942 |c GEN 
999 |c 133160  |d 133160 
952 |0 0  |1 0  |4 0  |6 G_B9_P5  |7 0  |9 188137  |a LIB  |b LIB  |d 2013-03-25  |e Modern Book Centre  |o G:(B9) P5  |p 261675  |r 2017-08-12  |w 2017-08-12  |y GEN